| 000 | 00999naa a2200205 4500 | ||
|---|---|---|---|
| 001 | 216219220 | ||
| 003 | UA-OsUOA | ||
| 005 | 20200918092522.0 | ||
| 008 | 200910b un ||||| |||| 00| 0 ukr d | ||
| 040 |
_aUA-OsUOA _bukr _cUA-OsUOA _dUA-OsUOA |
||
| 041 | _aukr | ||
| 080 | _a908 | ||
| 090 | _a908 | ||
| 245 | _aПочесні академіки Острозького академічного братства | ||
| 300 | _aС. 629–632 | ||
| 650 | _2UDC | ||
| 773 | 0 |
_0463113 _9460413 _bвид. 3-тє, доповн. і перероб. _dВидавництво Національного університету Острозька академія 2019 Острог _o162755 _tОстрозька академія: історія та сучасність культурно-освітнього осередку _z9789662347364 |
|
| 942 |
_2udc _cBKA |
||
| 999 |
_c463235 _d463235 |
||